| 000 | 00903nas a2200301 4500 | ||
|---|---|---|---|
| 001 | BR0800661 | ||
| 003 | BR-BrBNA | ||
| 005 | 20231205111524.0 | ||
| 007 | ta | ||
| 008 | 230509b bl.|||p| |||| 00| 00por d | ||
| 040 |
_aBR-BrBNA _bpor _cBiblioteca Nacional de Agricultura |
||
| 041 | _a(Pt) | ||
| 072 | _aL10 | ||
| 100 | 1 | _aNinhaus-Silveira, A. | |
| 100 | 1 | _aSilveira, R.V. | |
| 100 | 1 | _aSenhorini, J.A. | |
| 100 | 1 | _aAlexandre, J.S. de | |
| 100 | 1 | _aChaguri, M.P. | |
| 245 | 1 | _aFertilidade do sêmen de matrinxã (Brycon Amazonicus)criopreservado em nitrogênio líquido | |
| 650 | _aINSEMINAÇÃO ARTIFICIAL | ||
| 650 | _aCRIOPRESERVAÇÃO | ||
| 650 | _aSÊMEN | ||
| 650 | _aMATRINXÃ | ||
| 650 | _aNITROGÊNIO | ||
| 773 | 0 |
_tBoletim Técnico do CEPTA (Brazil) _xISSN 0103-1112 _g(2006), v. 19 p. 1-8 _wBR0800661 |
|
| 909 |
_a202311 _bLúcia _c55 _dLúcia Elande |
||
| 942 |
_2AGRIS _n0 _cANA |
||
| 999 |
_c193162 _d193162 |
||